UM Logo

Influences of source bias that differ from source untrustworthiness : (Record no. 20372)

MARC details
000 -LEADER
fixed length control field 01009nam a22002177a 4500
005 - DATE AND TIME OF LATEST TRANSACTION
control field 20260304082349.0
008 - FIXED-LENGTH DATA ELEMENTS--GENERAL INFORMATION
fixed length control field 240813b ||||| |||| 00| 0 eng d
082 ## - DEWEY DECIMAL CLASSIFICATION NUMBER
Classification number DPer 155.205 J826 April-June 2020 v. 118 n. 4-6
100 ## - MAIN ENTRY--PERSONAL NAME
Personal name Wallace, Laura E.
Relator term author.
9 (RLIN) 57479
245 ## - TITLE STATEMENT
Title Influences of source bias that differ from source untrustworthiness :
Remainder of title when flip-flopping is more and less surprising /
Statement of responsibility, etc. Laura E. Wallace, Duane T. Wegener, and Richard E. Petty.
260 ## - PUBLICATION, DISTRIBUTION, ETC. (IMPRINT)
Place of publication, distribution, etc. Washington ;
Name of publisher, distributor, etc. American Psychological Association ,
Date of publication, distribution, etc. April 2020.
300 ## - PHYSICAL DESCRIPTION
Extent Volume 118, pages 603-616 :
Other physical details illustration ;
Dimensions 28 cm.
500 ## - GENERAL NOTE
General note Journal of Personality and Social Psychology, vol. 118, no. 4, pages 603-616, April 2020.
650 ## - SUBJECT ADDED ENTRY--TOPICAL TERM
Topical term or geographic name as entry element Attitude (Psychology).
9 (RLIN) 59995
650 ## - SUBJECT ADDED ENTRY--TOPICAL TERM
Topical term or geographic name as entry element Persuasion (Psychology).
9 (RLIN) 59996
650 ## - SUBJECT ADDED ENTRY--TOPICAL TERM
Topical term or geographic name as entry element Prejudices.
9 (RLIN) 18440
700 ## - ADDED ENTRY--PERSONAL NAME
Personal name Wallace, Laura E.
Relator term author.
9 (RLIN) 57479
700 ## - ADDED ENTRY--PERSONAL NAME
Personal name Wegener, Duane T.
Relator term author.
9 (RLIN) 57480
700 ## - ADDED ENTRY--PERSONAL NAME
Personal name Petty, Richard E.
Relator term author.
9 (RLIN) 57481
942 ## - ADDED ENTRY ELEMENTS (KOHA)
Source of classification or shelving scheme Dewey Decimal Classification
Koha item type Periodicals
Holdings
Withdrawn status Lost status Source of classification or shelving scheme Damaged status Not for loan Collection code Home library Current library Date acquired Total Checkouts Full call number Date last seen Price effective from Koha item type Public note
    Dewey Decimal Classification     Periodicals UM Digos College - LIC UM Digos College - LIC 08/13/2024   DPer 155.205 J826 April-June 2020 v. 118 n. 4-6 08/13/2024 08/13/2024 Periodicals Periodical Article